Detalles MARC
| 000 -LIDER |
| fixed length control field |
01371nom a2200433 c 4500 |
| 001 - NÚMERO DE CONTROL |
| Identificador de número de control |
a5746792 |
| 003 - IDENTIFICACDOR DE NÚMERO DE CONTROL |
| control field |
DO-SdBNP |
| 005 - DATE AND TIME OF LATEST TRANSACTION |
| control field |
20180221110312.0 |
| 007 - CAMPOS FIJOS DE DESCRIPCIÓN FÍSICA |
| fixed length control field |
|
| 008 - ELEMENTOS DE LONGITUD FIJA |
| fixed length control field |
160129s2007ck jr 00 mul |
| 015 ## - NÚMERO DENTRO DE LA BIBLIOGRAFÍA NACIONAL |
| National bibliography number |
|
| 017 ## - NÚMERO DE REGISTRO DE DERECHOS DE AUTOR |
| Copyright or legal deposit number |
|
| Assigning agency |
|
| 020 ## - ISBN |
| International Standard Book Number |
9789974803244 |
| 040 ## - FUENTE DE CATALOGACIÓN |
| Agencia que crea de manera original el registro |
BPMSU |
| Idioma de catalogación |
spa |
| Agencia que realiza la transcripción |
BPMSU |
| Convenciones de la despripción |
|
| 041 1# - CÓDIGOS DE OBRAS TRADUCIDAS O EN VARIOS IDIOMAS |
| Código del idioma del texto/archivo de sonido o separata |
spa |
| -- |
|
| Código del idioma del texto hablado |
|
| -- |
|
| 100 ## - ASIENTO PRINCIPAL -- NOMBRE PERSONAL |
| Nombre personal |
Pires, Andrea |
| 245 03 - MENCIÓN DE TITULO |
| Título |
El ratón de campo y el ratón de ciudad : |
| Subtítulo |
basada en la fábula de Esopo / |
| Mención de responsabilidad |
adaptación de Andrea Pires, Esopo ; ilustraciones Omar Fancia, |
| 246 31 - VARIACION DEL TÍTULO |
| Título propiamente dicho o título corto |
|
| 250 ## - MENCIÓN DE EDICION |
| Mención de edición |
|
| 260 ## - PUBLICACIÓN, DISTRIBUCIÓN, ETC. (PIE DE IMPRENTA) |
| Lugar de publicación, distribución, etc |
Bogotá, Colombia : |
| Nombre del editor, distribuidor, etc. |
Latinbook International, |
| Fecha de publicación, distribución, etc |
2007 |
| Lugar de publicación, distribución, etc |
|
| Nombre del editor, distribuidor, etc. |
|
| 300 ## - DESCRIPCIÓN FÍSICA |
| Extensión |
[12 p.]: |
| Otros detalles físicos |
il.; |
| Dimensiones |
32 cm |
| 300 ## - DESCRIPCIÓN FÍSICA |
| Extensión |
|
| 336 ## - CONTENT TYPE |
| Content type term |
Imagen (fija ; bidimensional ; visual) |
| -- |
Texto (visual) |
| Source |
isbdcontent |
| 336 ## - CONTENT TYPE |
| Content type term |
Palabra hablada |
| Source |
isbdcontent |
| 337 ## - MEDIA TYPE |
| Media type term |
sin mediación |
| Source |
isbdmedia |
| 337 ## - MEDIA TYPE |
| Media type term |
audio |
| Source |
isbdmedia |
| 490 ## - MENCIÓN DE SERIES |
| Mención de serie |
|
| 490 1# - MENCIÓN DE SERIES |
| Mención de serie |
Fábulas de ayer para niños de hoy |
| Volume/sequential designation |
|
| 500 ## - NOTA GENERAL |
| Nota general |
|
| 538 ## - SYSTEM DETAILS NOTE |
| System details note |
Formato de sonido en Mp3 |
| 546 ## - NOTA DE IDIOMA |
| Nota de idioma |
Texto impreso y CD-Audio en español e inglés |
| 700 ## - ASIENTO SECUNDARIO -- NOMBRE PERSONAL |
| Mención de responsabilidad |
|
| Título de una obra |
|
| 700 ## - ASIENTO SECUNDARIO -- NOMBRE PERSONAL |
| Mención de responsabilidad |
Fancia, Omar |
| Término de relación |
ils. |
| 700 ## - ASIENTO SECUNDARIO -- NOMBRE PERSONAL |
| Nombre personal |
Edopo |
| Título de una obra |
El ratón de campo y el ratón de ciudad |
| 830 ## - ASIENTO SECUNDARIO DE SERIE--TÍTULO UNIFORME |
| Título uniforme |
Fábulas de ayer para niños de hoy |
| 942 ## - ADDED ENTRY ELEMENTS (KOHA) |
| Source of classification or shelving scheme |
Dewey Decimal Classification |
| Koha item type |
Libros |
| 945 ## - INFORMACIÓN DE PROCESAMIENTO LOCAL |
| Información de procesamiento local |
Inventariado, 2018 / BT |
| 956 ## - LOCAL ELECTRONIC LOCATION AND ACCESS (OCLC) |
| Nombre de host |
VMATEO |
| Número de acceso |
10 |
| Información de compresión |
20170126 |
| Trayectoria |
BPMSU |
| Nombre Electrónico |
0069 |